000 01149cgm a2200325 4500
001 J95797
008 090401t1998 xxu||||| |||| 00| 0 eng d
035 _a(Sirsi) u90425
041 _aeng
050 _a333.33023
110 _aBigwood Trust
_93700
245 2 _aA career guide for potential general practice surveyors (sound recording).
260 _aReading
_bBigwood Trust
_c1998
300 _a1 sound cassette (ca.60 mins.)
350 _a0
520 _aUses the work experiences of six chartered surveyors to illustrate the nature of the profession including job options, prospects, life style, relationships, rewards etc. Also sponsored by the RICS and the Worshipful Company of Chartered Surveyors.
650 _aAUDIO CASSETTES
650 _aCAREERS, EDUCATION AND TRAINING
650 _aABOUT RICS-RICS MEMBERS
690 _aMANAGEMENT-BUSINESS MANAGEMENT-PROFESSIONAL PRACTICE
700 _aRobertson, Tim
700 _aRigg, James
700 _aMcCulloch, Fiona
700 _aSanders, Paul
700 _aRedhead, Peter
700 _aLeat, Louise
700 _aBloor, John
942 _n0
948 _c21/12/1998
999 _c85381
_d85381